[Event "XX Carlos Torre Magistral"]
[Site "Merida MEX"]
[Date "2007.12.18"]
[Round "6"]
[White "Alford,J"]
[Black "Arencibia Rodriguez,W"]
[Result "0-1"]
[WhiteElo "2298"]
[BlackElo "2562"]

1.e4 c5 2.Nf3 e6 3.d4 cxd4 4.Nxd4 a6 5.Nc3 b5 6.Bd3 d6 7.O-O Nf6 8.a4 b4
9.Na2 e5 10.Ne2 Nc6 11.c3 bxc3 12.bxc3 Be7 13.Rb1 O-O 14.Nb4 Nxb4 15.cxb4 Bb7
16.Ng3 d5 17.Qe2 Qd7 18.exd5 Nxd5 19.Nf5 Bf6 20.Qg4 Kh8 21.Ne3 Qxg4 22.Nxg4 Nc3
23.Rb3 Rac8 24.Nxf6 gxf6 25.Bd2 Rg8 26.f3 Nxa4 27.Ra3 Nb2 28.Bxa6 Bxa6 29.Rxa6 Rc2
30.Rf2 Nd3 31.Bg5 fxg5 32.Rxc2 Nxb4 33.Rcc6 g4 34.Kf2 Nxc6 35.Rxc6 Rg5 36.Ke3 Rh5
37.f4 Rxh2 38.Rc2 exf4+ 39.Kxf4 h5 40.Rc1 Rxg2 41.Kg5 Kg7 42.Kxh5 f5 43.Kg5 Rf2
44.Rc7+ Kf8 45.Rc3 Rf3 46.Rc2 Ke7 47.Re2+ Kd6  0-1

[Event "4th SICC Masters"]
[Site "Singapore SIN"]
[Date "2007.12.18"]
[Round "4"]
[White "Chan Yi Ren,D"]
[Black "Neubronner,J"]
[Result "1/2-1/2"]
[WhiteElo "2137"]
[BlackElo "2097"]

1.e4 c5 2.Nf3 e6 3.d4 cxd4 4.Nxd4 a6 5.Nc3 Qc7 6.Be2 Nf6 7.O-O Be7 8.Be3 d6
9.f4 O-O 10.Qe1 b5 11.Bf3 Bb7 12.a3 Nbd7 13.g4 Nb6 14.g5 Nfd7 15.Rd1 Nc4
16.Bc1 Rac8 17.f5 e5 18.Nde2 Qb6+ 19.Kh1 Ne3 20.Bxe3 Qxe3 21.f6 Bd8 22.Rxd6 Nc5
23.Qh4 Ne6 24.fxg7 Re8 25.Ng3 Qxg5 26.Qxg5 Nxg5 27.Nf5 Rxc3 28.bxc3 Nxf3
29.Rxf3 Bxe4 30.Kg2 Ba5 31.Kg3 Bxf3 32.Kxf3 e4+ 33.Ke3 Bxc3 34.Rd1 Ba5 35.Rd6 Re5
36.Rxa6 Rxf5 37.Rxa5 Rc5 38.a4 Rc3+ 39.Kd2 Ra3 40.Rxb5 Rxa4 41.Rg5 h6 42.Rg2 Ra3
43.Ke2 f5 44.Rf2 Ra5 45.Rg2 Ra7 46.Rf2 Ra3 47.Rg2 Ra7 48.Rg6 Rxg7 49.Rf6 Rg5
50.Rxh6 Rg2+ 51.Ke3 Rxc2 52.h4 Kg7 53.Ra6 Rh2 54.Kf4 Rxh4+ 55.Kxf5 e3 56.Re6  1/2-1/2

[Event "4th SICC Masters"]
[Site "Singapore SIN"]
[Date "2007.12.19"]
[Round "5"]
[White "Neubronner,J"]
[Black "Jia,H"]
[Result "0-1"]
[WhiteElo "2097"]
[BlackElo "2161"]

1.e4 c5 2.Nf3 e6 3.d4 cxd4 4.Nxd4 a6 5.Nc3 Qc7 6.Be2 b5 7.O-O Bb7 8.a3 Nf6
9.Qd3 d6 10.f4 Nbd7 11.Bf3 Be7 12.Kh1 O-O 13.Qe2 Rad8 14.Be3 Rfe8 15.Bg1 Bf8
16.Rae1 e5 17.fxe5 Nxe5 18.Qd1 Nxf3 19.Qxf3 d5 20.exd5 Rxe1 21.Rxe1 Nxd5
22.Nxd5 Rxd5 23.Qe2 Rg5 24.Nf3 Rg6 25.c3 h6 26.Bd4 Qf4 27.Be5 Qg5 28.Bg3 Qh5
29.Ne5 Rxg3 30.Qxh5 Bxg2+ 31.Kg1 Bc5+  0-1

[Event "Open A"]
[Site "Zadar CRO"]
[Date "2007.12.19"]
[Round "5"]
[White "Fercec,N"]
[Black "Sedlak,N"]
[Result "0-1"]
[WhiteElo "2487"]
[BlackElo "2605"]

1.e4 c5 2.Nf3 e6 3.d4 cxd4 4.Nxd4 a6 5.Nc3 Qc7 6.Qf3 Nc6 7.Be3 b5 8.O-O-O Bb7
9.Kb1 Rc8 10.Bd3 Nf6 11.g4 Ne5 12.Qg2 b4 13.Nce2 d5 14.g5 Nxe4 15.f4 Nc4
16.Bc1 g6 17.h4 Bg7 18.h5 Qb6 19.hxg6 hxg6 20.Rxh8+ Bxh8 21.Qg1 a5 22.f5 exf5
23.Bxc4 dxc4 24.Qh2 Bg7 25.Qh7 Kf8 26.Be3 Rd8 27.Ka1 c3 28.b3 Rd6 29.Rg1 Qd8
30.a4 Ba6 31.Nf4 Rxd4 32.Bxd4 Qxd4 33.Rb1 Nd2  0-1

[Event "37th Rilton Cup"]
[Site "Stockholm SWE"]
[Date "2007.12.27"]
[Round "1"]
[White "Kulaots,K"]
[Black "Luukkonen,T"]
[Result "0-1"]
[WhiteElo "2547"]
[BlackElo "2238"]

1.e4 c5 2.Nf3 e6 3.d4 cxd4 4.Nxd4 a6 5.Nc3 b5 6.Bd3 Qb6 7.Nf3 Nc6 8.O-O Qb8
9.e5 Nxe5 10.Nxe5 Qxe5 11.Qf3 Qb8 12.Bf4 Bb7 13.Qg3 d6 14.Nxb5 axb5 15.Bxb5+ Kd8
16.Rfd1 Bd5 17.c4 Nf6 18.a4 Ne4 19.Qe3 Bb7 20.Rd4 g5 21.Be5 Rg8 22.Rad1 f5
23.f3 Ke7 24.Rxe4 dxe5 25.Rxe5 Be4 26.Qd4 Kf6 27.Rxe4+ e5 28.Qd5 fxe4 29.Qc6+ Kg7
30.Qxe4 Bc5+ 31.Kf1 Ra7 32.Rd5 Bd4 33.c5 Rf8 34.b4 Rf4 35.Qc2 g4 36.Ke2 Raf7
37.Qb3 gxf3+ 38.gxf3 Rxf3 39.Qxf3 Rxf3 40.Kxf3 Qf8+  0-1

[Event "16th Donau Open"]
[Site "Aschach Donau AUT"]
[Date "2007.12.28"]
[Round "4"]
[White "Winiwarter,F"]
[Black "Horvath,Jo1"]
[Result "0-1"]
[WhiteElo "2193"]
[BlackElo "2519"]

1.e4 c5 2.Nf3 e6 3.d4 cxd4 4.Nxd4 a6 5.Nc3 b5 6.Bd3 Qb6 7.Nb3 Qc7 8.O-O Bb7
9.Qe2 b4 10.Nd1 Nf6 11.Bg5 Nc6 12.f4 a5 13.c3 a4 14.Nd2 a3 15.Nc4 axb2 16.Qxb2 bxc3
17.Nxc3 Nb4 18.Be2 Nxe4 19.Nxe4 Bxe4 20.Kh1 Rb8 21.Qe5 Qxe5 22.fxe5 Be7 23.a4 h6
24.Bxe7 Kxe7 25.Nd6 Bg6 26.h4 f6 27.Nc4 Nc6 28.exf6+ gxf6 29.a5 d5 30.Nb6 Rhg8
31.Bf3 Nd4 32.Rfc1 Nb3 33.Rc7+ Kd6 34.Rd7+ Kc6 35.Rxd5 Nxa1 36.Rd1+ Kb5 37.Rxa1 Rg7
38.Be2+ Kc5  0-1

[Event "16th Donau Open"]
[Site "Aschach Donau AUT"]
[Date "2007.12.28"]
[Round "4"]
[White "Glantz,R"]
[Black "Mayerhofer,P"]
[Result "1-0"]
[WhiteElo "2018"]
[BlackElo "2198"]

1.e4 c5 2.Nf3 e6 3.Nc3 a6 4.d4 cxd4 5.Nxd4 Qc7 6.Bd3 Nc6 7.Be3 Nf6 8.O-O Be7
9.f4 d6 10.Qf3 O-O 11.Kh1 Bd7 12.Rae1 Rac8 13.Qg3 Nb4 14.f5 Kh8 15.Qh3 Nxd3
16.cxd3 d5 17.g4 e5 18.g5 exd4 19.gxf6 dxc3 20.fxe7 Rfe8 21.Rf4 dxe4 22.Rh4 f6
23.Rxh7+ Kg8 24.Rxg7+  1-0

[Event "XVIII Cracovia"]
[Site "Krakow POL"]
[Date "2007.12.28"]
[Round "2"]
[White "Savickas,A"]
[Black "Rawicz,K1"]
[Result "1/2-1/2"]
[WhiteElo "2368"]
[BlackElo "2195"]

1.e4 c5 2.Nf3 e6 3.Nc3 a6 4.d4 cxd4 5.Nxd4 Qc7 6.g4 Nc6 7.Be3 Bb4 8.Nxc6 Bxc3+
9.bxc3 Qxc6 10.Qd4 Nf6 11.Bg2 d6 12.g5 e5 13.Qd3 Nd7 14.Rd1 Nb6 15.Bxb6 Qxb6
16.Qxd6 Qxd6 17.Rxd6 Be6 18.Rb6 O-O-O 19.a3 Rd7 20.Bf1 Rhd8 21.Rb1 Rc7 22.Bd3 Rxc3
23.Ra1 Bb3 24.O-O Bxc2 25.Bxc2 Rxc2 26.Rac1 Rd2 27.Rxc2+ Rxc2 28.f4 Kd7 29.Rd1+ Ke7
30.fxe5 Rc4 31.Rd6 Rxe4 32.Rb6 Rxe5 33.Rxb7+ Ke6 34.Rb6+ Kf5 35.Rxa6 Kxg5
36.Ra7 Kg6 37.Kf2 Rh5 38.Kg3 Rc5 39.a4 Rc3+ 40.Kg2 Ra3 41.a5 f6 42.a6 h5
43.h4 Kh6 44.Ra8 g5 45.a7 Kg7 46.hxg5 fxg5 47.Kh2 h4 48.Kg2 g4 49.Rb8 Rxa7
50.Rb4 Ra2+ 51.Kg1 Ra1+ 52.Kg2 h3+ 53.Kh2 Ra2+ 54.Kh1 Ra1+ 55.Kh2 Ra2+ 56.Kh1 Rg2
57.Rb7+ Kg6 58.Rg7+ Kh6 59.Rg6+ Kh5 60.Rg5+ Kh4 61.Rh5+ Kg3 62.Rxh3+ Kf2
63.Rf3+ Ke2 64.Re3+ Kxe3  1/2-1/2

[Event "Abierto"]
[Site "Pamplona ESP"]
[Date "2007.12.28"]
[Round "8"]
[White "Llaneza Vega,M"]
[Black "Lymar,I"]
[Result "0-1"]
[WhiteElo "2426"]
[BlackElo "2264"]

1.e4 c5 2.Nf3 e6 3.d4 cxd4 4.Nxd4 a6 5.Nc3 Qc7 6.Bd3 Nc6 7.Nxc6 bxc6 8.Qe2 e5
9.O-O Nf6 10.Kh1 Be7 11.f4 d6 12.fxe5 dxe5 13.Bc4 O-O 14.Be3 a5 15.h3 Rb8
16.Bb3 Be6 17.Bg5 Bxb3 18.axb3 Rb4 19.Rf3 Rd8 20.Bxf6 Bxf6 21.Qa6 Rd2 22.Rxa5 Rxc2
23.Rc5 Rb6 24.Qd3 Rc1+ 25.Kh2 Qb8 26.Na4 Ra1 27.Nxb6 Qxb6 28.Qc4 h5 29.b4 Ra4
30.Rxc6 Qa7 31.Rc7  0-1

[Event "37th Rilton Cup"]
[Site "Stockholm SWE"]
[Date "2007.12.28"]
[Round "2"]
[White "Bejtovic,J"]
[Black "Farago,I"]
[Result "1/2-1/2"]
[WhiteElo "2307"]
[BlackElo "2504"]

1.e4 c5 2.Nf3 e6 3.d4 cxd4 4.Nxd4 a6 5.Nc3 Qc7 6.Be2 Bb4 7.O-O Nf6 8.Qd3 Nc6
9.Nxc6 bxc6 10.f4 d5 11.e5 Nd7 12.Qg3 O-O 13.Bd3 f5 14.Ne2 Nc5 15.c3 Nxd3
16.Qxd3 Be7 17.Be3 c5 18.b4 Bd7 19.Rfc1 Bb5 20.Qd2 Rfc8 21.a3 Qd7 22.Rab1 h6
23.h3 Bc4 24.Ng3 cxb4 25.axb4 a5 26.Bd4 axb4 27.cxb4 Ra2 28.Rc2 Rxc2 29.Qxc2 Bb5
30.Qd2 Rc4 31.Nf1 Rc6 32.Ne3 Ra6 33.Ra1 Rxa1+ 34.Bxa1 Qa7 35.Bc3 g5 36.Kh2 Kh7
37.Nc2 gxf4 38.Nd4 Bd7 39.Qxf4 Qc7 40.Qg3 Qc4 41.Qe1 Bxb4 42.Bxb4 Qxd4 43.Be7 Bb5
44.Bf6 Qf4+ 45.Qg3 Qxg3+ 46.Kxg3 d4 47.Be7 Bc6 48.Bc5 d3 49.Be3 h5 50.h4 Kg6
51.Bf4 Kf7 52.Kf2 Ke7 53.Ke3 Bxg2 54.Kxd3 Kd7 55.Ke3 Kc6 56.Bg5 Kd5 57.Kf4 Kd4
58.Bf6  1/2-1/2

[Event "Premier"]
[Site "Hastings ENG"]
[Date "2007.12.31"]
[Round "4"]
[White "Hagesaether,A"]
[Black "Jackson,O"]
[Result "0-1"]
[WhiteElo "2153"]
[BlackElo "2219"]

1.e4 c5 2.Nf3 e6 3.d4 cxd4 4.Nxd4 a6 5.Nc3 Qc7 6.g3 Bb4 7.Ne2 Be7 8.Bg2 Nf6
9.O-O d6 10.b3 O-O 11.Bb2 Bd7 12.Qd2 Bc6 13.Nd4 Bd7 14.Nce2 Nc6 15.c4 Rad8
16.Rac1 Qb8 17.h3 Rfe8 18.Qe3 Bf8 19.Nxc6 Bxc6 20.Nd4 Bd7 21.Qg5 h6 22.Qe3 Rc8
23.Rfd1 b5 24.cxb5 axb5 25.b4 e5 26.Nf5 d5 27.Rxc8 Bxc8 28.Qe1 dxe4 29.Ne3 Be6
30.a3 Rc8 31.Qd2 Bb3 32.Rc1 Rxc1+ 33.Qxc1 Be6 34.Qc6 Bd7 35.Qc2 Bd6 36.Kh2 Qb7
37.Bc3 g6 38.Nf1 Qd5 39.Ne3 Qe6 40.Bb2 Kh7 41.Bc3 h5 42.Bb2 Qe8 43.Qd2 Bb8
44.Qc3 Bc6 45.Qc5 Qe6 46.Qc2 Ba7 47.Bxe5 Qxe5 48.Qxc6 Bxe3 49.fxe3 h4 50.Qc1 Nh5
51.Qf1 hxg3+ 52.Kg1 Nf6 53.Qf4 Qa1+ 54.Bf1 Kg7 55.Qxg3 Qxa3 56.Bxb5 Qxb4
57.Bf1 Qc3 58.Qg5 Nh5 59.Kf2 Qf6+ 60.Qxf6+ Kxf6 61.Bc4 Ke7 62.Be2 f5 63.Bxh5 gxh5
64.Kg3 Kf6 65.Kf4 Kg6 66.Kg3 Kg5 67.h4+ Kf6 68.Kf4 Ke6 69.Kg3 Ke5 70.Kf2 f4
71.exf4+ Kxf4 72.Ke2 Kg3 73.Ke3 Kxh4 74.Kxe4 Kg3  0-1

[Event "TCh-ISR"]
[Site "Israel ISR"]
[Date "2008.01.04"]
[Round "2"]
[White "Haimovich,T"]
[Black "Kovalev,An"]
[Result "0-1"]
[WhiteElo "2447"]
[BlackElo "2560"]

1.e4 c5 2.Nf3 e6 3.Nc3 a6 4.d4 cxd4 5.Nxd4 Qc7 6.Be2 b5 7.O-O Bb7 8.Bf3 Nc6
9.Nxc6 dxc6 10.a4 Nf6 11.axb5 axb5 12.Rxa8+ Bxa8 13.Bg5 Bd6 14.Bxf6 gxf6
15.g3 Be5 16.Qe2 Ke7 17.Nd1 Rd8 18.Qe3 c5 19.c3 b4 20.Bg2 Qc6 21.Qh6 Qa4
22.f4 Bxc3 23.bxc3 Rxd1 24.e5 Rxf1+ 25.Bxf1 bxc3 26.Qxf6+ Ke8 27.Qh8+ Kd7
28.Bb5+ Qxb5 29.Qxh7 Kc7  0-1

[Event "Petrovskaya Ladya IM"]
[Site "Peterhof RUS"]
[Date "2008.01.04"]
[Round "2"]
[White "Fedoseev,Vl3"]
[Black "Kosov,Iv"]
[Result "0-1"]
[WhiteElo "2247"]
[BlackElo "2365"]

1.e4 c5 2.Nf3 e6 3.d4 cxd4 4.Nxd4 a6 5.Nc3 b5 6.Bd3 Bb7 7.O-O d6 8.Re1 Nf6
9.b4 Be7 10.a4 bxa4 11.Bb2 Nc6 12.Bxa6 Rxa6 13.b5 Rb6 14.bxc6 Bxc6 15.Nxc6 Rxc6
16.Rxa4 O-O 17.Qa1 Qb6 18.e5 dxe5 19.Rxe5 Bc5 20.Nd1 Nd5 21.c4 Ne7 22.Rg5 g6
23.Ra5 Nf5 24.Ra8 Rcc8 25.Rxc8 Rxc8 26.Rg4 Rd8 27.Bf6 Rd2 28.h4 Qa7 29.Qc1 Qd7
30.Nc3 Rxf2 31.Kh1 Qd3 32.Rf4 Ng3+ 33.Kh2 Nf1+ 34.Kh1 Qh3+  0-1

[Event "TCh-BEL 2007-8"]
[Site "Belgium BEL"]
[Date "2008.01.06"]
[Round "6"]
[White "Wemmers,X"]
[Black "Lemmers,O"]
[Result "0-1"]
[WhiteElo "2387"]
[BlackElo "2386"]

1.e4 c5 2.Nf3 e6 3.Nc3 a6 4.d4 cxd4 5.Nxd4 Qc7 6.Bd3 Nf6 7.Qe2 d6 8.O-O g6
9.Bd2 Bg7 10.a4 b6 11.a5 b5 12.Ndxb5 axb5 13.Nxb5 Qc5 14.Ra4 O-O 15.Bb4 Qc6
16.Bxd6 Rd8 17.Be7 Re8 18.Bxf6 Bxf6 19.e5 Bd8 20.Be4 Qa6 21.Bxa8 Bd7 22.c4 Qxa8
23.Ra3 Na6 24.Nd6 Rf8 25.Qd2 f6 26.Rh3 Bc6 27.Qh6 Qa7 28.Nb5 Qb7 29.Nd6 Qd7
30.Qd2 fxe5 31.b4 Ba8 32.b5 Nc5 33.Rd1 Rf4 34.Qe3 Ne4 35.c5 Nxf2 36.c6 Nxh3+
37.Qxh3 Qe7 38.Qc3 Qa7+ 39.b6 Bxb6+ 40.axb6 Qxb6+ 41.Kh1 Qxc6 42.Qxc6 Bxc6
43.Nc8 Bb7 44.Rd8+ Kg7 45.Kg1 Rd4 46.Re8 Rd1+ 47.Kf2 Kf6 48.Rf8+ Kg5 49.Nb6 Rd2+
50.Ke3 Rb2 51.Nc4 Rxg2 52.Rf7 Bd5 53.h4+ Kxh4 54.Rxh7+ Kg5 55.Nxe5 Kf5 56.Nd7 Rg3+
57.Kf2 Ra3 58.Rf7+ Kg5 59.Ne5 Ra4 60.Rf8 Re4 61.Nf3+ Kh6 62.Nd2 Kg7 63.Rc8 Rf4+
64.Ke3 Rf8 65.Rc7+ Rf7 66.Rc8 g5 67.Rc1 Ra7 68.Nf1 Kg6 69.Rc8 Ra3+ 70.Kf2 Ra8
71.Rc7 Rf8+ 72.Ke2 Kf5 73.Ne3+ Kf4 74.Ra7 Bf3+ 75.Kf2 Be4 76.Ra4 Ke5+ 77.Ke2 Rh8
78.Ng4+ Kf5 79.Ne3+ Kf4 80.Ng2+ Ke5 81.Ne3 Rh2+ 82.Kf1 Kf4 83.Nd1 Ke5 84.Ne3 Bf3
85.Nc4+ Kf4 86.Nd2+ Kg3 87.Nxf3 Kxf3 88.Ra3+ Kf4 89.Ra8 e5 90.Rf8+ Ke4 91.Rg8 Kf4
92.Rf8+ Kg4 93.Re8 e4 94.Kg1 Re2 95.Kf1 Kf3 96.Rf8+ Ke3 97.Ra8 Rb2 98.Ra3+ Kf4
99.Ra4 Kf3  0-1

[Event "ch-CUB"]
[Site "Santa Clara CUB"]
[Date "2008.01.08"]
[Round "1"]
[White "Martinez,Lel"]
[Black "Hernandez Carmenates,Hold"]
[Result "1-0"]
[WhiteElo "2445"]
[BlackElo "2590"]

1.e4 c5 2.Nf3 e6 3.Nc3 a6 4.d4 cxd4 5.Nxd4 Qc7 6.Be2 Nf6 7.a3 Be7 8.O-O O-O
9.f4 d6 10.Kh1 Nc6 11.Be3 Bd7 12.Qe1 Na5 13.Rd1 Nc4 14.Bc1 Rfd8 15.g4 h6
16.Rd3 Nh7 17.h4 Nb6 18.g5 Kh8 19.b3 e5 20.fxe5 dxe5 21.Qg3 Be8 22.gxh6 g6
23.h5 g5 24.Bb2 Bc5 25.Ne6 Rxd3 26.Bxd3 Qd6 27.Nxc5 Qxc5 28.Nd5 Nd7 29.Bxe5+ f6
30.Rxf6 Ndxf6 31.Nxf6 Nxf6 32.Qxg5  1-0

[Event "ch-Reykjavik"]
[Site "Reykjavik ISL"]
[Date "2008.01.11"]
[Round "3"]
[White "Jonsson,Bjorn"]
[Black "Palsson,S"]
[Result "1/2-1/2"]
[WhiteElo "2032"]
[BlackElo "1820"]

1.e4 c5 2.Nf3 e6 3.d4 cxd4 4.Nxd4 a6 5.Nc3 Qc7 6.Be2 Nf6 7.O-O Bc5 8.Be3 b5
9.a3 Bb7 10.Ncxb5 axb5 11.Nxb5 Qb6 12.Bxc5 Qxc5 13.Nd6+ Ke7 14.Nxb7 Qc7 15.e5 Qxe5
16.Bf3 Nc6 17.Bxc6 dxc6 18.b4 Qc7 19.Nc5 Rhd8 20.Qf3 Nd7 21.Nxd7 Rxd7 22.c4 Rd4
23.c5 Rad8 24.Rfd1 Qd7 25.Rxd4 Qxd4 26.Rf1 Rd5 27.Qg3 Rd7 28.h3 g6 29.Qb3 Qd3
30.Qa4 Qd5 31.Qa6 Kf6 32.a4 Rd8 33.Qb6 g5 34.a5 h5 35.a6 h4 36.a7 g4 37.hxg4 h3
38.gxh3 Rh8 39.Qb8 Rxh3 40.Qf4+ Kg6 41.f3 Qa2 42.Qb8 e5 43.Qxe5 Qxa7 44.Qe4+ Kg7
45.Qxc6 Qa3 46.Qe4 Qb2 47.Qf4 Qc2 48.g5 Qh7 49.c6 Rh1+ 50.Kf2 Qc2+ 51.Ke3 Rxf1
52.Qe5+ Kf8 53.Qd6+ Kg8 54.Qd8+ Kg7 55.Qd3 Qxd3+ 56.Kxd3 Rc1 57.b5 Kg6 58.Kd4  1/2-1/2

[Event "ch-Reykjavik"]
[Site "Reykjavik ISL"]
[Date "2008.01.11"]
[Round "3"]
[White "Oskarsson,A"]
[Black "Finnbogadottir,T"]
[Result "1-0"]
[WhiteElo "1868"]
[BlackElo "1658"]

1.e4 c5 2.Nf3 e6 3.d4 cxd4 4.Nxd4 a6 5.Nc3 Qc7 6.Be3 Nf6 7.f3 Be7 8.Qd2 d6
9.O-O-O Nbd7 10.Kb1 b5 11.g4 Nb6 12.Qf2 Nfd7 13.f4 Bb7 14.Rg1 b4 15.Nce2 Bxe4
16.Ng3 Bd5 17.f5 e5 18.Nb3 Nc4 19.Rxd5 Nf6 20.Bxc4 Qxc4 21.Rdd1 Nxg4 22.Qd2 Rc8
23.Rg2 d5 24.h3 Nf6 25.Bg5 d4 26.Bxf6 Bxf6 27.Nh5 Kf8 28.Rdg1 Ke7 29.Nxg7 e4
30.Nh5 Be5 31.Qg5+ f6 32.Qg7+ Kd6 33.Nxf6 Qc6 34.Qh6 Kc7 35.Rg7+ Kb8 36.Nd7+ Ka8
37.Qxc6+ Rxc6 38.Nxe5 Rcc8 39.Nxd4 Rhe8 40.Nec6  1-0

[Event "ch-BLR"]
[Site "Minsk BLR"]
[Date "2008.01.12"]
[Round "3"]
[White "Romanenko,Vl"]
[Black "Lutsko,I"]
[Result "1/2-1/2"]
[WhiteElo "2460"]
[BlackElo "2429"]

1.e4 c5 2.Nf3 e6 3.d4 cxd4 4.Nxd4 a6 5.Nc3 Qc7 6.g3 Nf6 7.Bg2 Be7 8.O-O O-O
9.Be3 Nc6 10.a4 d6 11.f4 Bd7 12.Nb3 b6 13.Qe2 Bc8 14.a5  1/2-1/2

[Event "ASEAN Masters Circuit GMA"]
[Site "Tarakan INA"]
[Date "2008.01.12"]
[Round "5"]
[White "Situru,N"]
[Black "Nouri,H"]
[Result "0-1"]
[WhiteElo "2375"]
[BlackElo "2404"]

1.e4 c5 2.Nf3 e6 3.d4 cxd4 4.Nxd4 a6 5.Nc3 Qc7 6.Bd3 Nf6 7.O-O Nc6 8.Be3 b5
9.a3 Bb7 10.Nb3 Ne5 11.Bf4 d6 12.Qe2 Be7 13.Bg3 Nc4 14.Nd1 O-O 15.a4 e5 16.Re1 Rfc8
17.c3 g6 18.Qc2 Bf8 19.f3 Nh5 20.Bf2 Nf4 21.Bf1 d5 22.exd5 Bxd5 23.Nc1 b4
24.g3 Ne6 25.Bxc4 Bxc4 26.Be3 Qb7 27.Qf2 b3 28.a5 Rd8 29.h4 f5 30.Ne2 Rd3
31.f4 Qe4 32.fxe5 Qxe5 33.Nf4 Nxf4 34.Bxf4 Qc5 35.Re5 Qc6 36.Ne3 Bf7 37.Nf1 Bd6
38.Re3 Rxe3 39.Bxe3 Re8 40.Rd1 Bf8 41.Bb6 Qe4 42.Qd4 Qc2 43.Rd2 Re1 44.Rf2 Qe4
45.Rd2 Bc4 46.Rf2 Bd5 47.Qxe4 Bxe4 48.Rd2 Bh6 49.Rd8+ Kf7 50.Bc5 Rb1 51.Rd7+ Ke6
52.Rxh7 Bc1  0-1

[Event "6th Parsvnath Open"]
[Site "New Delhi IND"]
[Date "2008.01.13"]
[Round "1"]
[White "Rajeev,V"]
[Black "Sachdev,T"]
[Result "0-1"]
[WhiteElo "1878"]
[BlackElo "2417"]

1.e4 c5 2.Nf3 e6 3.d4 cxd4 4.Nxd4 a6 5.Nc3 Qc7 6.Be2 Nf6 7.O-O Nc6 8.Nxc6 bxc6
9.f4 d5 10.e5 Nd7 11.Bg4 Be7 12.Kh1 O-O 13.Be3 Bb7 14.Bg1 c5 15.Qd3 Bc6 16.Qg3 d4
17.Ne2 Be4 18.c4 Rab8 19.b3 g6 20.h4 Kh8 21.Rfd1 a5 22.Bf3 Qc6 23.Bxe4 Qxe4
24.Nc3 Qc6 25.Na4 h5 26.Bf2 Nb6 27.Nxb6 Rxb6 28.Rd3 a4 29.Be1 Rfb8 30.Rf3 Qe4
31.Qf2 axb3 32.axb3 Ra8 33.Kh2 Rxa1 34.Bd2 Rd1 35.Rh3 Ra6 36.Qf3 Qxf3 37.Rxf3 Ra2
38.Rf2 Bxh4 39.g3 Be7  0-1

[Event "6th Parsvnath Open"]
[Site "New Delhi IND"]
[Date "2008.01.13"]
[Round "2"]
[White "Badri,N"]
[Black "Kunte,A"]
[Result "0-1"]
[WhiteElo "2161"]
[BlackElo "2550"]

1.e4 c5 2.Nf3 e6 3.d4 cxd4 4.Nxd4 a6 5.Nc3 Qc7 6.Bd3 Nc6 7.Nb3 Nf6 8.O-O b5
9.a3 Be7 10.f4 d6 11.Be3 O-O 12.Kh1 b4 13.axb4 Nxb4 14.Qe2 Rb8 15.Na5 Re8
16.Bd4 e5 17.Be3 Be6 18.f5 Bd7 19.Bc4 Rec8 20.Bb3 h6 21.g4 Bb5 22.Nxb5 Rxb5
23.Bd2 d5 24.exd5 Rxa5 25.Rxa5 Qxa5 26.Qxe5 Qc7 27.Qxc7 Rxc7 28.c4 Nd3 29.Ra1 Rb7
30.Bd1 Nf2+ 31.Kg1 Nxd1 32.Rxd1 Rxb2 33.h3 Bc5+  0-1

[Event "EST-FIN Match"]
[Site "Tallinn EST"]
[Date "2008.01.13"]
[Round "1"]
[White "Kosmo,S"]
[Black "Soskov,V"]
[Result "1-0"]
[WhiteElo "2256"]
[BlackElo "2254"]

1.e4 c5 2.Nf3 e6 3.Nc3 a6 4.d4 cxd4 5.Nxd4 Qc7 6.Bd3 Nf6 7.O-O Nc6 8.Nxc6 dxc6
9.f4 e5 10.f5 Bc5+ 11.Kh1 Bd7 12.Qe2 O-O-O 13.Na4 Bd4 14.c3 Ba7 15.b4 Kb8
16.Be3 Bc8 17.Nc5 Rd6 18.a4 Rhd8 19.Bc4 a5 20.Rab1 Ka8 21.Nd3 Bxe3 22.Qxe3 b5
23.axb5 cxb5 24.Bxb5 Qb7 25.Bc4 Nxe4 26.bxa5 Rxd3 27.Bxd3 Rxd3 28.Qxd3 Qc6
29.Rb6  1-0

[Event "115th ch-NZL"]
[Site "Auckland NZL"]
[Date "2008.01.16"]
[Round "2"]
[White "Garbett,P"]
[Black "Barlow,M"]
[Result "1-0"]
[WhiteElo "2338"]
[BlackElo "2148"]

1.e4 c5 2.Nf3 e6 3.d4 cxd4 4.Nxd4 a6 5.Nc3 Qc7 6.g3 Nf6 7.Bg2 Be7 8.O-O O-O
9.f4 d6 10.Kh1 Nc6 11.Nxc6 bxc6 12.Na4 Bb7 13.c4 c5 14.Qe2 Bc6 15.Nc3 Qb7
16.g4 Nd7 17.g5 g6 18.Bd2 Rfe8 19.Qd3 Bf8 20.Rae1 Qc7 21.Nd1 Bg7 22.Bc3 Rab8
23.Bxg7 Kxg7 24.Qc3+ Kg8 25.Qd3 Red8 26.Rf2 Nb6 27.Ne3 Nc8 28.Ng4 Rf8 29.Qc3 e5
30.f5 Bd7 31.Nf6+ Kg7 32.Qh3 h5 33.Nxd7  1-0

[Event "ch-VEN w"]
[Site "San Felipe VEN"]
[Date "2008.01.16"]
[Round "6"]
[White "Otazo,A"]
[Black "Araujo,Y"]
[Result "0-1"]
[WhiteElo "1940"]
[BlackElo "2012"]

1.e4 c5 2.Nf3 e6 3.d4 cxd4 4.Nxd4 a6 5.Nc3 Qc7 6.Bd3 Nc6 7.Nxc6 bxc6 8.O-O Nf6
9.Re1 d6 10.f4 e5 11.f5 Be7 12.Kh1 Bb7 13.Bc4 O-O 14.Bg5 Rad8 15.Bxf6 Bxf6
16.Qe2 Qa5 17.Rad1 Rd7 18.Rd3 Rfd8 19.Red1 d5 20.exd5 cxd5 21.Ne4 Qb6 22.Bb3 Qc6
23.Rc3 dxe4 24.Rf1 Qb6 25.Qh5 e3 26.Re1 Bd5 27.Rcxe3 Bxb3 28.Rxb3 Qf2 29.Rg1 Qxc2
30.Ra3 h6 31.Rg3 Kf8 32.Rb3 e4 33.Rb6 Rd1 34.h4 Rxg1+ 35.Kxg1 Qc5+  0-1

[Event "6th Parsvnath Open"]
[Site "New Delhi IND"]
[Date "2008.01.17"]
[Round "7"]
[White "Ganesh,Ba"]
[Black "Prasenjit,Dat"]
[Result "0-1"]
[WhiteElo "2092"]
[BlackElo "2296"]

1.e4 c5 2.Nf3 e6 3.d4 cxd4 4.Nxd4 a6 5.Nc3 Qc7 6.Bd3 Nf6 7.O-O b5 8.Kh1 Bb7
9.a3 Bc5 10.Nb3 Be7 11.f4 d6 12.Qe2 Nbd7 13.Bd2 O-O 14.Rae1 e5 15.f5 Rfe8
16.Rf3 Bf8 17.Rh3 g6 18.Qf2 Bg7 19.Qh4 Bc6 20.Bg5 gxf5 21.Rg3 f4 22.Bh6 fxg3
23.Qg5 Nh5 24.Re3 Re6 25.Bxg7 Nxg7 26.Nd5 Qd8 27.Qxg3 Rg6 28.Qh3 Nc5 29.Nxc5 dxc5
30.c4 Qg5 31.Kg1 Ne6 32.Rg3 Qc1+ 33.Kf2 Qd2+ 34.Kf1 Bxd5 35.exd5 Nf4 36.Qf5 Nxd3  0-1

[Event "6th Parsvnath Open"]
[Site "New Delhi IND"]
[Date "2008.01.17"]
[Round "7"]
[White "Mishra,S"]
[Black "Gusain,H"]
[Result "1-0"]
[WhiteElo "2255"]
[BlackElo "2067"]

1.e4 c5 2.Nf3 e6 3.d4 cxd4 4.Nxd4 a6 5.Nc3 Qc7 6.g3 b5 7.a3 Bb7 8.Bg2 Nf6
9.O-O d6 10.f4 Nbd7 11.Kh1 h5 12.f5 e5 13.Nb3 Rc8 14.Bg5 Qb6 15.Qe2 Be7 16.Bh4 Ng4
17.Bxe7 Kxe7 18.Rae1 Ndf6 19.Bf3 h4 20.Bxg4 hxg3 21.h3 Rxc3 22.bxc3 Bxe4+
23.Qxe4 Nxe4 24.Rxe4 Qc6 25.Re1 Qxc3 26.R1e2 Kf6 27.R4e3 Qc6+ 28.Kg1 Qb6
29.Kg2 Rc8 30.Rd3 Rd8 31.Rd5 Ke7 32.Bf3 g6 33.fxg6 f5 34.Nd4 Kf6 35.Nb3 e4
36.Bh5 Qc6 37.Rxf5+ Kg7 38.Nd4 Qc4 39.Rxe4 Kg8 40.g7 Rd7 41.Rf8+ Kxg7 42.Ne6+ Qxe6
43.Rxe6 Kxf8 44.Bg6 a5 45.Bd3 b4 46.axb4 axb4 47.Bc4 d5 48.Bb3 d4 49.Rf6+ Kg7
50.Rf3 Kg6 51.Kxg3  1-0

[Event "ch-VEN w"]
[Site "San Felipe VEN"]
[Date "2008.01.18"]
[Round "8"]
[White "Hernandez,Z"]
[Black "Araujo,Y"]
[Result "1-0"]
[WhiteElo "1999"]
[BlackElo "2012"]

1.e4 c5 2.Nf3 e6 3.Nc3 a6 4.d4 cxd4 5.Nxd4 d6 6.Be2 Nf6 7.Be3 Be7 8.a4 b6
9.Bf3 Nfd7 10.e5 d5 11.Nxd5 Ra7 12.Nxe7 Qxe7 13.O-O Nxe5 14.Bf4 Qf6 15.Qc1 Nxf3+
16.Nxf3 Nc6 17.Qe3 Rb7 18.Bd6 Ne7 19.Be5 Qg6 20.Nh4 Qg4 21.Nf3 O-O 22.h3 Qh5
23.c4 f6 24.Bc3 Nf5 25.Qf4 Qf7 26.Rfd1 e5 27.Qe4 Rc7 28.b3 b5 29.Bb4 Re8
30.Ba5 Rc5 31.Bb6 Rc7 32.Bxc7 Qxc7 33.axb5 axb5 34.cxb5 Be6 35.b4 Qc4 36.Qxc4 Bxc4
37.b6 Rb8 38.Rd7 Be6 39.Rc7 Bd5 40.Raa7  1-0

[Event "6th Parsvnath Open"]
[Site "New Delhi IND"]
[Date "2008.01.19"]
[Round "9"]
[White "Saravana,Kr"]
[Black "Anurag,M"]
[Result "0-1"]
[WhiteElo "2243"]
[BlackElo "2106"]

1.e4 c5 2.Nf3 e6 3.d4 cxd4 4.Nxd4 a6 5.Nc3 Qc7 6.g3 b5 7.a3 Bb7 8.Bg2 d6
9.O-O Nd7 10.Re1 Ngf6 11.f4 Be7 12.e5 dxe5 13.fxe5 Ng8 14.Bxb7 Qxb7 15.Qg4 g6
16.Bg5 Bc5 17.b4 Bb6 18.Rad1 h6 19.Ne4 Qd5 20.Be3 Nxe5 21.Qf4 g5 22.Nf6+ Nxf6
23.Qxf6 O-O 24.h3 Ng6 25.Qf2 Rad8 26.Nf3 Bxe3 27.Qxe3 Qxd1 28.Rxd1 Rxd1+
29.Kf2 Rc8 30.Ne1 Rd6 31.h4 gxh4 32.gxh4 h5 33.Qe2 Rd5 34.Nd3 Rc4 35.Ke1 Rxh4
36.Qg2 Rg4 37.Qf3 Rc4 38.Nc5 Rxc2 39.Ne4 Rf5 40.Nf6+ Kg7 41.Ne8+ Kf8 42.Qa8 Ke7
43.Ng7 Re5+ 44.Kd1 Rc4 45.Qxa6 Kf8 46.Nxe6+ fxe6 47.a4 Rd5+ 48.Ke1 Re4+ 49.Kf2 Rf5+
50.Kg2 Rg4+ 51.Kh3 Rfg5 52.Qc8+ Kg7 53.Qc7+ Kh6  0-1

[Event "ch-VEN w"]
[Site "San Felipe VEN"]
[Date "2008.01.19"]
[Round "9"]
[White "Araujo,Y"]
[Black "Sequeda,N"]
[Result "0-1"]
[WhiteElo "2012"]
[BlackElo "2034"]

1.e4 c5 2.Nf3 e6 3.d4 cxd4 4.Nxd4 a6 5.Nc3 Qc7 6.Be2 Nf6 7.O-O Be7 8.Kh1 d6
9.a4 Nc6 10.Be3 Bd7 11.Nb3 O-O 12.a5 Rac8 13.f4 Nb4 14.Bb6 Qb8 15.Bd3 Bc6
16.Qe1 Nd7 17.Bd4 Nc5 18.Qg3 g6 19.Nxc5 dxc5 20.Be5 Bd6 21.Bf6 Rfe8 22.e5 Be7
23.Rad1 Qc7 24.Be4 Rcd8 25.Bxc6 Qxc6 26.Qh4 Rxd1 27.Rxd1 Bxf6 28.exf6 h5
29.Qg5 Nd5 30.Ne4 Ne3 31.Qh6 Nf5 32.Qg5 Qxe4 33.h3 Qxc2 34.Re1 Qf2 35.Re5 Qxb2
36.Rxc5 Rd8 37.Rc7 Qa1+ 38.Kh2 Rd1  0-1

[Event "ch-Reykjavik"]
[Site "Reykjavik ISL"]
[Date "2008.01.20"]
[Round "7"]
[White "Jonsson,Bjorn"]
[Black "Finnbogadottir,T"]
[Result "1-0"]
[WhiteElo "2032"]
[BlackElo "1658"]

1.e4 c5 2.Nf3 e6 3.d4 cxd4 4.Nxd4 a6 5.Nc3 Qc7 6.Bd3 Nf6 7.O-O Be7 8.Kh1 d6
9.a4 b6 10.f4 O-O 11.h3 Bb7 12.Be3 Nbd7 13.Qe2 Nc5 14.Bg1 g6 15.Bh2 h5 16.Rae1 h4
17.Nf3 Nh5 18.Qf2 Qd8 19.f5 exf5 20.exf5 Nxd3 21.cxd3 Bxf3 22.Qxf3 Kg7 23.Nd5 Bg5
24.Nf4 Nxf4 25.Bxf4 Bxf4 26.Qxf4 Qf6 27.fxg6 fxg6 28.Qxf6+ Rxf6 29.Re7+ Kf8
30.Rxf6+ Kxe7 31.Rxg6 Rc8 32.Rg4 Kd7 33.Rxh4 Rc2 34.Rb4 Kc6 35.Rc4+ Rxc4
36.dxc4 Kc5 37.h4 Kxc4 38.h5 d5 39.h6 d4 40.h7 d3 41.h8=Q Kd5 42.Qc3 Ke4
43.Qd2 b5 44.axb5 axb5 45.b4 Kd4 46.g4  1-0